Gaming Quiz

Random Gaming or Board Games Quiz

Find the Board Game Hall of Fame Inductees Quiz Stats

 Plays Quiz Updated Sep 29, 2018

Score 0/16 Timer 03:00
2 Plays Today
% Correct
Twister
96.3%
Monopoly
95.6%
Scrabble
94.9%
Yahtzee
92.5%
Trivial Pursuit
90.7%
Sorry!
88.6%
Apples to Apples
84.7%
Othello
82.5%
% Correct
Blockhead!
81.5%
Dungeons & Dragons
81.4%
Axis & Allies
79.9%
The Settlers of Catan
75.7%
Clue
74.8%
Risk
70.2%
Acquire
61.8%
Stratego
60.3%

You're not logged in!

Compare scores with friends on all Sporcle quizzes.
OR
Log In

Sporcle TV

Today on Sporcle TV


Watch our educational content, quiz creation guides, and fun videos on Sporcle TV.

Show Comments

Extras

Top Quizzes Today


Score Distribution

Your Account Isn't Verified!

In order to create a playlist on Sporcle, you need to verify the email address you used during registration. Go to your Sporcle Settings to finish the process.

Report this User

Report this user for behavior that violates our Community Guidelines.

Details: